| 000 | 01929cam a22004814i 4500 | ||
|---|---|---|---|
| 003 | PE-LiUPU | ||
| 005 | 20250731173325.0 | ||
| 008 | 150625s1997 sp rb 000 0 spa d | ||
| 020 | _a8476459718 | ||
| 020 | _a9788476459713 | ||
| 035 | _a(Sirsi) i9788476459713 | ||
| 040 |
_aPE-LiUPU _bspa _cPE-LiUPU _erda |
||
| 049 | _aPRUA | ||
| 082 | 0 | 4 |
_a253.5 _bS78 _221 |
| 100 | 1 |
_aStamateas, Bernardo, _eautor. |
|
| 245 | 1 | 0 |
_aTécnicas de aconsejamiento pastoral : _brecursos concretos y eficaces para todo consejero / _cBernardo Stamateas. |
| 264 | 1 |
_aTerrassa (Barcelona) : _bClie, _c[1997]. |
|
| 300 |
_a164 páginas ; _c24 centímetros |
||
| 336 |
_atext _2rdacontent |
||
| 337 |
_aunmediated _2rdamedia |
||
| 338 |
_avolume _2rdacarrier |
||
| 504 | _aIncluye bibliografía. | ||
| 505 | 0 | _aLa primera entrevista -- Aconseja miento y creatividad -- Técnicas y recursos -- Los escritos -- Apoyo y consolación -- Las anécdotas -- La conversión -- Confesión de pecados -- La catarsis -- Técnica educativa o de esclarecimiento -- Otros recursos -- Otras técnicas. | |
| 526 | _aSEG42 | ||
| 526 | _aSEG41 | ||
| 526 | _aSEG40 | ||
| 526 | _aSEG39 | ||
| 526 | _aP94 | ||
| 526 | _aP87 | ||
| 526 | _aP86 | ||
| 526 | _aP85 | ||
| 526 | _aP77 | ||
| 526 | _aP76 | ||
| 526 | _aP35 | ||
| 541 | _g002-004464; | ||
| 650 | 0 | 4 |
_aConsejería pastoral. _91495 |
| 910 |
_adbm _bncf _cncf _d20190529 |
||
| 942 |
_2ddc _cBOOK |
||
| 949 |
_a253.5 S78 _wDEWEY _c1 _i58576 _d2016-4-24 _e2016-4-21 _lCCODEBUL1 _mBUL _n2 _p11.00 _r0 _sY _tBOOK _u2015-6-25 _xTEOLOGIA _PP08 _0COMPRA _o.STAFF. Colección Teología |
||
| 994 |
_aC0 _bPEPRU |
||
| 596 | _a1 | ||
| 999 |
_a253.5 S78 _wDEWEY _c47473 _i58576 _d47473 _e2022-7-4 _f2021-11-10 _g6 _lCCODEBUL1 _mBUL _n3 _p11.00 _q5 _r0 _sY _tBOOK _u2015-6-25 _xTEOLOGIA _PP35 _0COMPRA _o.STAFF. Colección Teología |
||
| 980 |
_81 _gALBERTO SANCHEZ Responsable de Automatización |
||